000 01626cam a22004574i 4500
003 PE-LiUPU
005 20250731173125.0
008 150623s r 000 0 d
020 _a0801037573
035 _a(Sirsi) i9780801037573
040 _aPE-LiUPU
_bspa
_cPE-LiUPU
_erda
049 _aPRUA
082 0 4 _a241.5
_bG34
_221
100 1 _aGeisler, Norman L.,
_eautor.
245 1 0 _aOptions in contemporary christian ethics /
_cNorman L. Geisler.
264 1 _aGrand Rapids, Michigan :
_bBaker Book House,
_c1981.
300 _a121 páginas ;
_c21 centímetros
336 _atext
_2rdacontent
337 _aunmediated
_2rdamedia
338 _avolume
_2rdacarrier
504 _aIncluye bibliografía.
505 0 _aNo option: relativism. The basis of our option: revelation. Option one unqualified absolutism. Option two: Conflicting absolutism. Option three: Graded absolutism. Options and implications.
526 _aSEG42
526 _aSEG41
526 _aSEG40
526 _aSEG39
526 _aP94
526 _aP87
526 _aP86
526 _aP85
526 _aP77
526 _aP76
526 _aP35
650 0 4 _aÉtica cristiana.
_91047
942 _2ddc
_cBOOK
949 _a241.5 G34
_wDEWEY
_c1
_i51185
_lCCODEBUL1
_mBUL
_p5.00
_r0
_sY
_tBOOK
_u2015-6-24
_xTEOLOGIA
_PP35
_0COMPRA
_o.STAFF. Colección General
994 _aC0
_bPEPRU
596 _a1
999 _a241.5 G34
_wDEWEY
_c32889
_i51185
_f2021-11-11
_g5
_lCCODEBUL1
_mBUL
_p5.00
_r0
_sY
_tBOOK
_u2015-6-24
_xTEOLOGIA
_PP35
_0COMPRA
_o.STAFF. Colección General
_d32889
980 _81
_gALBERTO SANCHEZ Responsable de Automatización